Countries beginning with the letter "T" - Statistics

General Stats
  • This quiz has been taken 43 times
  • The average score is 8 of 13
Answer Stats
Hint Answer % Correct
6 Turkmenistan
81%
8 Tajikistan
78%
12 Turkey
78%
10 Togo
75%
11 Trinidad and Tobago
75%
9 Thailand
72%
2 Tanzania
64%
7 Tuvalu
64%
1 Taiwan
61%
4 Tonga
61%
5 Tunisia
47%
3 Timor
25%
13 Turks and Caicos
0%
No matching quizzes found
Score Distribution
Percent of People with Each Score
Percentile by Number Answered
Your Score History
You have not taken this quiz